000
00315nam a2200133Ia 4500
005
20251222143208.0
008
251222s9999||||xx |||||||||||||| ||spa||
020
_a
84-8174-383-6
082
_a
657.45/B16
100
_a
Bailey, Larry P.
245
0
_a
Guía de Auditoría
264
_b
Harcourt Brace
942
_c
LIB
999
_c
13328
_d
13328